000 00455 a2200157 4500
005 20250627123313.0
020 _a0-07-2823-39-9
082 _a363.7 CUN
100 _aCUNNINGHAM,William P
245 _aPrinciples of Environmental SCIENCE Inquiry and Applications
250 _a3th Ed
260 _aBoston
_bHigher Education
_c2006
300 _axxii,410p.;illFigure,picture
_bAppendix,Glossary
_c27cm
700 _aMary Ann Cunningham.
942 _2ddc
_cBKS
999 _c5624
_d5624